000 00654naa a2200217 4500
001 178438
003 ES-MaBCM
005 20241016192341.0
008 100702s2010 esp|r0p 0 ||spa d
021 _axx
035 _a(OCoLC)1365147366
040 _cES-MaBCM
100 1 _aGallardo, Lluís
_990661
245 1 0 _aEl ruido
_b: una moderna forma de criminalidad
_cLluís Gallardo
650 2 7 _aContaminación acústica
_960147
650 7 _aCriminalidad
_958188
651 2 4 _aEspaña
_9115342
655 4 _aJurisprudencia comentada
_959143
773 0 _aEn:
_tLa Ley
_dMadrid
_gV. 2, n. 7376 (2010), p. 1887-1889 (D-117)
_w104460
942 _cAREV
999 _c178438
_d178438